Представление документа в формате RUSMARC

Поле Инд. ПП Название Значение
Тип записи a
Библиографический уровень a
001 Контрольный номер RU/REP/BASE/00008344
005 Дата корректировки 20181104132000.9
200 1_ a Заглавие Сроки рассмотрения жалобы в Конституционном Суде Российской Федерации: проблемы и пути их решения
f Первые сведения об ответственности Белясов С.Н.
b Общее обозначение материала Текст
210 1_ d Дата издания 2015
461 _0 1 001RU/REP/BASE/00010629
1 2001
a Закон и право
463 _1 1 20002
a №2.
v С. 35-38
1 2101
d 2015
610 0_ a Ключевые слова ИСТОЧНИКИ ПРАВА, СУДЕБНАЯ ПРАКТИКА, ЗАЩИТА ПРАВ И СВОБОД, ТЕОРИЯ ПРАВА, ЖАЛОБА, КОНСТИТУЦИОННОЕ ПРАВОСУДИЕ, СРОКИ
700 _1 a Фамилия Белясов
b Имя С.Н.
901 t Тип документа b
w Контрольный № источника c9456fe3d2444746986eb94e0eb62037